Fasting dietary therapy for patients with arterial hypertension (Запись № 11674014)

Подробности
000 -МАРКЕР
контрольное поле 01546nam0a2200313 4500
001 - ИДЕНТИФИКАТОР ЗАПИСИ
контрольное поле RU\NLR\BIBL_A\011151150
005 - ИДЕНТИФИКАТОР ВЕРСИИ
контрольное поле 20260406075110.0
010 ## - МЕЖДУНАРОДНЫЙ СТАНДАРТНЫЙ НОМЕР КНИГИ (ISBN)
Номер (ISBN) 978-5-7525-2853-8
Тираж 300
035 ## - ДРУГИЕ СИСТЕМНЫЕ НОМЕРА
Идентификатор записи (NLR Aleph) 011151150
100 ## - ДАННЫЕ ОБЩЕЙ ОБРАБОТКИ
Данные общей обработки 20160614d2013 |||y0rusy50 ca
101 1# - ЯЗЫК РЕСУРСА
Язык текста, звукозаписи и т.д. английский
Язык оригинала русский
102 ## - СТРАНА ПУБЛИКАЦИИ ИЛИ ПРОИЗВОДСТВА
Страна публикации российская федерация
105 ## - ПОЛЕ КОДИРОВАННЫХ ДАННЫХ: ТЕКСТОВЫЕ МАТЕРИАЛЫ, МОНОГРАФИЧЕСКИЕ
Кодированные данные о монографическом текстовом документе ach z 000yy
200 1# - ЗАГЛАВИЕ И СВЕДЕНИЯ ОБ ОТВЕТСТВЕННОСТИ
Основное заглавие Fasting dietary therapy for patients with arterial hypertension
Первые сведения об ответственности S. A. Muravyov, G. A. Makarova, O. A. Dmitrieva, N. S. Okonechnikova
Последующие сведения об ответственности [transl.: Irina Case]
210 ## - ПУБЛИКАЦИЯ, РАСПРОСТРАНЕНИЕ И ДР.
Место издания, распространения и т.д. Ekaterinburg
Имя издателя, распространителя и т. д. VIP-Ural publishing house
Дата издания, распространения и т.д. 2013
215 ## - ФИЗИЧЕСКАЯ ХАРАКТЕРИСТИКА
Специфическое обозначение материала и объем 159 с.
Другие сведения о физической характеристике ил., цв. ил., факс., портр.
Размеры 22
320 ## - ПРИМЕЧАНИЯ О НАЛИЧИИ В ДОКУМЕНТЕ БИБЛИОГРАФИИ / УКАЗАТЕЛЯ
Текст примечания Библиогр.: с. 157-159
541 1# - ПЕРЕВОД ЗАГЛАВИЯ, СДЕЛАННЫЙ КАТАЛОГИЗАТОРОМ
Заглавие Разгрузочно-диетическая терапия у больных с артериальной гипертензией.
606 1# - НАИМЕНОВАНИЕ ТЕМЫ КАК ПРЕДМЕТ
Наименование темы Гипертоническая болезнь
Тематический подзаголовок Терапия разгрузочной диетой
Системный номер авторитетной/нормативной записи 2292467
Идентификатор авторитетной/нормативной записи RU\NLR\AUTH\6601600227
686 1# - ИНДЕКСЫ ДРУГИХ КЛАССИФИКАЦИЙ
Индекс Р410.030-51
701 #1 - ИМЯ ЛИЦА - АЛЬТЕРНАТИВНАЯ ОТВЕТСТВЕННОСТЬ
Графика поля Латинская
Материалы, к которым относится поле rus
Начальный элемент ввода Murav'ev
Часть имени, кроме начального элемента ввода S. A.
Дополнения к именам, кроме дат д-р мед. наук
Расширение инициалов личного имени Stanislav Anatol'evič
Идентификатор авторитетной/нормативной записи RU\NLR\AUTH\770160196
Системный номер авторитетной/нормативной записи 160155
701 #1 - ИМЯ ЛИЦА - АЛЬТЕРНАТИВНАЯ ОТВЕТСТВЕННОСТЬ
Графика поля Латинская
Материалы, к которым относится поле rus
Начальный элемент ввода Makarova
Часть имени, кроме начального элемента ввода G. A.
Дополнения к именам, кроме дат врач-диетолог
Расширение инициалов личного имени Galina Aleksandrovna
Идентификатор авторитетной/нормативной записи RU\NLR\AUTH\770160201
Системный номер авторитетной/нормативной записи 160160
701 #1 - ИМЯ ЛИЦА - АЛЬТЕРНАТИВНАЯ ОТВЕТСТВЕННОСТЬ
Графика поля Латинская
Материалы, к которым относится поле rus
Начальный элемент ввода Dmitrieva
Часть имени, кроме начального элемента ввода O. A.
Дополнения к именам, кроме дат канд. мед. наук
Расширение инициалов личного имени Ol'ga Aleksandrovna
Идентификатор авторитетной/нормативной записи RU\NLR\AUTH\770160203
Системный номер авторитетной/нормативной записи 160162
701 #1 - ИМЯ ЛИЦА - АЛЬТЕРНАТИВНАЯ ОТВЕТСТВЕННОСТЬ
Начальный элемент ввода Okonečnikova
Часть имени, кроме начального элемента ввода N. S.
Расширение инициалов личного имени Natal'ja Sergeevna
942 ## - ДОПОЛНИТЕЛЬНЫЕ ЭЛЕМЕНТЫ ЗАПИСИ (АБИС)
Тип экземпляра АБИС Книга
980 ## - КОЛЛЕКЦИЯ
Название коллекции Национальная библиография
Экземпляры
Тип экземпляра Дата поступления Источник поступления Стоимость Библиотека постоянного хранения Библиотека текущего хранения Место хранения Шифр хранения Штрих-код Статус не для выдачи
Книга 14.06.2016 Дар 300.00 РНБ (Московский) РНБ (Московский) Иностранный книжный фонд Ик 2016-5/322 1-1293389